| 000 | 00375nam a2200133Ia 4500 | ||
|---|---|---|---|
| 008 | 231129s9999||||xx |||||||||||||| ||spa|| | ||
| 020 | _a958-34-0001-7 | ||
| 040 | _bspa | ||
| 082 | _aCo863 C355e | ||
| 100 | _aCastrillón Arboleda Diego | ||
| 245 | 0 | _aEl Eterno Viaje del Brujo Ayar Manco | |
| 264 | _aPlaza y Janes | ||
| 942 |
_2ddc _cBKS |
||
| 999 |
_c11040 _d11040 |
||